000 00358 a2200157 4500
001 61591
020 _a9788510051132
040 _cAnchieta - Pituba
100 _aBorges, Clarice
240 1 0 _aTempo de geografia, 8º ano
_lpor
245 1 0 _aTempo de geografia, 8º ano
300 _a303
362 0 _a2011
650 4 _aGeografia e viagens
942 _cBK
999 _c61591
_d61591